02186nam a2200265uu 4500001000800000005001700008007001000025008004100035035001200076040001300088041000800101080000800109100004500117245015100162260004300313300001700356520117100373650001701544650003801561650001801599650002001617700004401637856008201681500015701763146120220240412090141.0cr|||||||170227s2017 spa  a1461202 ccomduadb aspa aMIA10aPaniagua Loaiza, Diana Marcela4auteaut10aProgramación Óptima de Mantenimientos para la Reducción de Restricciones en Generación y Aumento de Confiabilidad en Sistemas de Potencia aMedellín :b[sin publicador],c2017. a61 páginas3 aEste trabajo presenta una estrategia para realizar la programación de mantenimientos de activos de transmisión de sistemas de potencia. El objetivo es ubicar las actividades de mantenimiento en los periodos donde se pueda garantizar: 1) la seguridad del sistema ante contingencias del tipo N-1 y 2) la máxima flexibilidad en los recursos de generación. La metodología propuesta puede convertirse en una herramienta de alta utilidad para operadores de sistemas o ISOs (Operador Independiente del Sistema) puesto que éstos deben programar constantemente las actividades de mantenimiento que los diferentes propietarios solicitan para sus activos garantizando confiabilidad y seguridad en la operación del sistema. La metodología propuesta se puede implementar en cualquier sistema de potencia. Sin embargo, a lo largo de este documento se hará énfasis en la problemática relacionada al caso colombiano. Por tanto, en este capítulo se realiza una breve descripción de conceptos del mercado eléctrico Colombiano que juegan un papel importante durante la programación de los mantenimientos asociados a los activos de un sistema de potencia. aContingencia aSistemas eléctricos de potencia aMantenimiento 7aConfiabilidad210aMejía Giraldo, Diego Adolfo4drtedrt4 uhttps://drive.google.com/file/d/0BwecnWVz7HZoaHl1RW44YTcwUUE/view?usp=sharing aTesis (Maestría en Ingeniería con énfasis en Gestión Ambiental) Universidad de Antioquia. Facultad de Ingeniería - Título del grado otorgado